000 01884nam0a2200337 4500
001 RU\NLR\bibl\1723152
005 20260405234944.0
021 _aRU
_b2010-97341
_96569
035 _a(NLR Aleph) 001714132
090 _a1298672
_c1298672
100 _a20110117d2010 |||y0rusy50 ca
101 0 _arus
102 _aRU
105 _aa |||||||||
200 1 _aТеоретическая механика. Общие теоремы динамики системы
_eучебное пособие для студентов специальностей 150405.65, 190207.65, 171100, 102000, 240801.65, 170500, 250401.65, 260100, 250403.65, 260200, 260601.65, 170600, 280101.65, 330100, 280402.65, 320800 всех форм обучения
_fМ.И. Кифа, В.К. Александров, А.Г. Ермолович [и др.
_gотв. ред.: М.И. Кифа]
_gФедер. агентство по образованию, ГОУ ВПО "Сиб. гос. технол. ун-т"
210 _aКрасноярск
_cРедакционно-издательский центр СибГТУ
_d2010
215 _a56 с.
_cил.
_d21
320 _aБиблиогр.: с. 54
517 0 _aОбщие теоремы динамики системы
606 1 _aДинамика систем
_jУчебные издания для высших учебных заведений
_92213428
_3RU\NLR\AUTH\6601563213
686 _aВ236.3я73-1
701 1 _aКифа
_bМ. И.
_4070
701 1 _4070
_8rus
_7ca
_aАлександров
_bВ. К.
_cканд. техн. наук
_gВиктор Константинович
_3RU\NLR\auth\77108582
_991507
701 1 _aЕрмолович
_bА. Г.
_gАлександр Геннадьевич
_4070
801 0 _aRU
_bNLR
_c20110117
_gRCR
801 1 _aRU
_bNLR
_c20110117
830 _aпо эк
942 _cBOOK
980 _aNB